00514nam a2200133Ia 4500008004100000100002400041245011000065245005700175260005300232260000900285300001000294650001500304856006100319170221s9999 xx 000 0 und d aAminu Ahmadu Hamidu aExploring the Drivers and Nature of Corporate Social Responsibility Practice from an African Perspective  cAminu Ahmadu Hamidu, Md. Harashid Haron, Azlan Amran bInternational Review of Management and Marketing c2012 a1 : 1 xMarketing. uhttp://www.econjournals.com/index.php/irmm/issue/view/88